000 00894nam a2200289 i 4500
001 000040899
003 DO-SdBNP
005 20260321073643.0
007 ta
008 130911s1986 dr 000 f spa d
040 _aDO-SdBNP
_bspa
_cBNPHU
_erda
041 _aspa
082 4 _aRD863.44
_bB742o 1986
_222
100 1 _a Bosch, Juan,
_d1909-2001
_eautor
_4aut.
_976555
245 1 3 _aEl oro y la paz /
_cJuan Bosch.
250 _aNovenaa edición
264 1 _aSanto Domingo, República Dominicana :
_bEditora Corripio, C. por. A.,
_c1986.
300 _a264 páginas ;
_c21 cm.
336 _atexto
_btxt
_2rdacontent
337 _asin mediación
_bn
_2rdamedia
338 _avolumen
_bnc
_2rdacarrier
590 _aInventariado, 2020 / DG
650 4 _aNovela dominicana
_9223
650 4 _aLiteratura dominicana.
_967
910 _aValidado. Control de calidad MFF
942 _2ddc
_cLBS1
999 _c40389
_d40389